PUBLIC COMMUNICATION AND PUBLIC POLICY REVIVING (Record no. 7980)

MARC details
000 -LEADER
fixed length control field 00333nam a2200133Ia 4500
008 - FIXED-LENGTH DATA ELEMENTS--GENERAL INFORMATION
fixed length control field 260604s9999 xx 000 0 und d
020 ## - INTERNATIONAL STANDARD BOOK NUMBER
International Standard Book Number 9781394265688
082 ## - DEWEY DECIMAL CLASSIFICATION NUMBER
Classification number 302 MAC
100 ## - MAIN ENTRY--PERSONAL NAME
Personal name MACNAMARA
9 (RLIN) 35217
245 #0 - TITLE STATEMENT
Title PUBLIC COMMUNICATION AND PUBLIC POLICY REVIVING
260 ## - PUBLICATION, DISTRIBUTION, ETC.
Name of publisher, distributor, etc. JW
500 ## - GENERAL NOTE
General note Communication, Public
942 ## - ADDED ENTRY ELEMENTS (KOHA)
Koha item type Book
Holdings
Date last seen Total Checkouts Full call number Barcode Cost, replacement price Price effective from Koha item type Lost status Damaged status Not for loan Withdrawn status Home library Current library Shelving location Date acquired Cost, normal purchase price BOOK NO
06/04/2026   302 MAC 003598 3575.53 06/04/2026 Book         Indian Institute of Management Visakhapatnam Indian Institute of Management Visakhapatnam   06/04/2026 3575.53 MAC

Copyright © 2024 Indian Institute of Management Visakhapatnam
Koha v23.05